000 00417nam a2200157Ia 4500
008 230917s9999||||xx |||||||||||||| ||und||
020 _cRs. 329.00
040 _e5014411
_aMAIN
041 _aEnglish
082 _a944.034 F224S
100 _aFarge, Arlette
245 0 _aSubversive words: Public opinion in eighteenth century France
260 _aFrance
_bPolity Press
_c1994
300 _aix, 219 p.
942 _cBK
999 _c10608
_d10608